Most Streamed SZA Songs - Statistics

General Stats
  • This quiz has been taken 237 times
    88 since last reset
  • The average score is 11 of 20
Answer Stats
# Streams Answer % Correct
2 2,605,988,428 Kill Bill
95%
1 2,617,949,584 All The Stars
80%
7 1,187,598,312 luther
78%
4 1,693,633,427 Snooze
75%
5 1,520,695,497 Good Days
65%
9 996,316,313 Love Galore
63%
10 966,450,608 Saturn
63%
11 904,335,439 Broken Clocks
62%
3 2,210,652,170 Kiss Me More
62%
20 409,420,441 Drew Barrymore
50%
8 1,072,937,454 Nobody Gets Me
50%
13 654,460,214 The Weekend
50%
18 534,661,127 The Weekend - Funk Wav Remix
50%
12 865,794,110 Open Arms
47%
15 609,379,740 Shirt
45%
14 637,875,695 Low
43%
17 545,374,189 I Hate U
40%
16 599,424,710 Rich Baby Daddy
28%
19 500,023,848 TELEKINESIS
23%
6 1,364,200,769 What Lovers Do
17%
No matching quizzes found
Score Distribution
Percent of People with Each Score
Percentile by Number Answered
Your Score History
You have not taken this quiz since the last reset